Psicología y psicopatología de la vida amorosa: una introducción a la psicología profunda de la sexualidad y el amor en sus manifestaciones sanas y enfermas
Guardado en:
| Autor principal: | |
|---|---|
| Formato: | Libro |
| Lenguaje: | español |
| Publicado: |
Ciudad de México
Siglo Veintiuno
1967
|
| Edición: | 2a. ed |
| Materias: | |
| Etiquetas: |
Agregar Etiqueta
Sin Etiquetas, Sea el primero en etiquetar este registro!
|
MARC
| LEADER | 00000nam a2200000 a 4500 | ||
|---|---|---|---|
| 001 | UCX5456 | ||
| 003 | CL-VaPUC | ||
| 008 | 921118e19670000MX |||||||||||||||||spa|d | ||
| 082 | 0 | 4 | |a 155.3 |b RAT |2 21 |
| 100 | 0 | |a Rattner, Josef |e author |9 321745 | |
| 245 | 1 | 0 | |a Psicología y psicopatología de la vida amorosa: una introducción a la psicología profunda de la sexualidad y el amor en sus manifestaciones sanas y enfermas |
| 250 | |a 2a. ed | ||
| 300 | |a 260 p | ||
| 942 | |c BK | ||
| 945 | |d 19921118 00:00:00 | ||
| 260 | |a Ciudad de México |b Siglo Veintiuno |c 1967 | ||
| 650 | 7 | |a SEXO PSICOLOGIA |2 CL-VaPUC |9 315427 | |
| 650 | 0 | |a Amor |v Aspectos psicológicos |9 321746 | |
| 583 | |a last modification |c 19921118 00:00:00 |k Rodrigo Vera | ||
| 999 | |c 225701 |d 225699 | ||
| 952 | |0 0 |1 0 |4 0 |6 155_300000000000000_RAT_1967 |7 0 |8 A |9 223450 |a BIBHIS |b BIBHIS |d 2019-11-15 |i 2922738 |l 1 |m 1 |o 155.3 RAT 1967 |p 2922738 |r 2025-01-20 |s 2022-06-09 |w 2019-11-15 |y BK |k HIS | ||